Zákonník práce s komentárom, s príkladmi pracovná doba
Saved in:
| Main Author: | |
|---|---|
| Format: | Book |
| Language: | Slovak |
| Published: |
Žilina
Poradca
2017
|
| Subjects: | |
| Tags: |
No Tags, Be the first to tag this record!
|
MARC
| LEADER | 00000nam a2200000 4500 | ||
|---|---|---|---|
| 001 | 0240743 | ||
| 005 | 20230109073214.9 | ||
| 020 | |a 978-80-8162-029-4 | ||
| 041 | 0 | |a slo | |
| 044 | |a SK | ||
| 245 | 1 | 0 | |a Zákonník práce s komentárom, s príkladmi |b pracovná doba |c Zuzana Cingelová |
| 264 | 1 | |a Žilina |b Poradca |c 2017 | |
| 300 | |a 263 s. | ||
| 610 | 2 | 0 | |a predpisy právne |
| 610 | 2 | 0 | |a legislatíva |
| 610 | 2 | 0 | |a zákonník práce |
| 610 | 2 | 0 | |a vzťahy pracovnoprávne |
| 610 | 2 | 0 | |a doba pracovná |
| 610 | 2 | 0 | |a zamestnanci |
| 610 | 2 | 0 | |a zamestnávatelia |
| 610 | 2 | 0 | |a cesty pracovné |
| 610 | 2 | 0 | |a mzdy |
| 610 | 2 | 0 | |a miesta pracovné |
| 610 | 2 | 0 | |a príplatky |
| 610 | 2 | 0 | |a mzdy minimálne |
| 610 | 2 | 0 | |a Slovensko |
| 100 | 1 | |a Cingelová, Zuzana | |